000 00884nam a2200301Ia 4500
003 OSt
005 20250210103935.0
008 210210b2006 xxu||||| |||| 00| 0 eng d
020 _a817302863X
040 _cAL
041 _aKannada
082 _aK894.9 PRAE
100 _aPRADHAN GURUDATTA Ed
_dಪ್ರಧಾನ್ ಗುರುದತ್ತ
_9198668
245 _aA R Krashnashastri
_bಎ ಅರ್ ಕೃಷ್ಣಶಾಸ್ತ್ರಿ
260 _aBengaluru
_bNavakaranataka Prakashana
_c2006
300 _a108
650 _aVi
_9198669
650 _aShridhara
_9198670
650 _aKrashnashastri
_9198671
650 _aE
_9198672
650 _aby
_9198673
650 _aBi
_9198674
650 _aAr
_9198675
690 _aKannada Criticism
_9198676
700 _aB V Shridhara
_dಬಿ ವಿ ಶ್ರೀಧರ
_9198677
906 _a061841
942 _2ddc
_cBK
999 _c115906
_d115906